Statistiques concernant Les 20 préfectures les plus proches de Chartres

Cliquez ici pour prendre le quiz!

Statistiques générales

  • Ce quiz a été pris 88 fois
  • Le résultat moyen est 14 sur 20

Statistiques - réponses

distance (en km)ville préfecture% Correct
78Paris
99%
68Orléans
96%
132Tours
92%
107Le Mans
82%
62Versailles
82%
69Evreux
77%
115Rouen
77%
159Caen
76%
166Bourges
74%
96Blois
72%
73.02Evry Courcouronnes
71%
72.71Nanterre
65%
79Cergy Pontoise
63%
103Alençon
59%
87.17Melun
58%
87.18Bobigny
55%
80Créteil
54%
118Beauvais
51%
172Amiens
50%
171Auxerre
47%

Distribution des résultats

Percentile par nombre de réponses

% des personnes avec chaque résultat

Votre développement - résultats

Vous n’avez pas pris ce quiz